000 00408nam a2200145 4500
001 116332
003 ES-MaACL
007 t|
008 061121s1965 sp r ||||1| spa d
100 1 _aOssa Echaburu, Rafael.
_987780
245 1 3 _aUn periodista en vacaciones /
_cRafael Ossa Echaburu.
260 _aBilbao :
_bEd. VizcaĆ­na,
_c1965.
300 _a170 p. ;
_c19 cm.
852 _aES-MaACL
_jE-2518
_bR.58370
999 _c116332
_d116332